| 000 | 00355nam a2200133Ia 4500 | ||
|---|---|---|---|
| 008 | 150202s9999 xx 000 0 und d | ||
| 020 | _a812524853 | ||
| 050 |
_aFIC _bFIC |
||
| 100 | _aLackey, Mercedes. | ||
| 245 |
_aBurning water / _cMercedes Lackey. |
||
| 260 |
_aNew York : _bTor Books, _c1989. |
||
| 300 |
_a314 pages : _c18 cm. |
||
| 650 | _aFiction. | ||
| 999 |
_c282186 _d282186 |
||